000 005260000a22001810004500
003 MACL
005 20160513162648.0
008 160513b xxu||||| |||| 00| 0 eng d
040 _aMACL
_cMACL
041 _aHindi
082 _a891.431
100 _aसिंह, केदारनाथ
_953399
245 _aताना बाना
_cकेदारनाथ सिंह
260 _bकिताब घर
_c2000
_aदिल्‍ली
350 _a600
650 _aPoetry
_956894
942 _cHIN
_k800/SIN/P
_2ddc
999 _c9487
_d9487